[Event "Cuiaba Contaud op"]
[Site "Cuiaba"]
[Date "2019.06.02"]
[Round "6"]
[White "Campos, Jose Roberto Magalh"]
[Black "Frattini, Beatriz Maria"]
[Result "1/2-1/2"]
[WhiteElo "1800"]
[BlackElo "1860"]
[PlyCount "143"]
[EventDate "2019.05.31"]
[EventType "swiss"]
[EventRounds "6"]
[EventCountry "BRA"]
[SourceTitle "EXT 2020"]
[Source "ChessBase"]
[SourceDate "2019.10.17"]
[SourceVersion "1"]
[SourceVersionDate "2019.10.17"]
[SourceQuality "1"]

1. d4 Nf6 2. c4 g6 3. Nc3 d5 4. Qb3 dxc4 5. Qxc4 c6 6. Nf3 Be6 7. Qd3 Bg7 8. Bg5 0-0 9. e3 Na6 10. Be2 c5 11. Rd1 Qa5 12. 0-0 cxd4 13. exd4 Nb4 14. Qd2 Nbd5 15. Nxd5 Qxd5 16. b3 b5 17. Qb4 Bg4 18. Bd3 e6 19. Qxb5 Bxf3 20. gxf3 Rfd8 21. Rc1 Qxb5 22. Bxb5 Rac8 23. Ba6 Rxc1 24. Rxc1 Nd5 25. Rc8 Rxc8 26. Bxc8 Nb4 27. a4 Nc2 28. Kf1 Nxd4 29. b4 Kf8 30. b5 Ke8 31. Bc1 Ke7 32. Bd2 Kd6 33. Ba5 Nb3 34. b6 axb6 35. Bxb6 Kc6 36. Bd8 Bc3 37. Ba6 Kd7 38. Bb6 Kc6 39. Be3 Bd4 40. Bb5+ Kb6 41. Bh6 Nc5 42. Bd2 Nb3 43. Bb4 Bc5 44. Be1 Nd4 45. Be8 Nxf3 46. Bxf7 Nxe1 47. Kxe1 Ka5 48. Be8 Kb4 49. Ke2 Kc4 50. Kf3 Kd5 51. Kf4 Kd6 52. Ke4 Ke7 53. Bb5 Kf6 54. a5 Ba7 55. h4 Bc5 56. Be2 Ba7 57. Bg4 Bc5 58. Kd3 Ba7 59. f4 e5 60. fxe5+ Kxe5 61. Ke2 Kf4 62. Bf3 Kg3 63. h5 g5 64. Be4 Kf4 65. Bg6 g4 66. Kf1 Kg3 67. Be4 Bc5 68. Bf5 Kf3 69. Be6 Kg3 70. Bf5 Kh4 71. Be6 Kh3 72. Bf5 1/2-1/2